LEADER 01704nam a2200373 i 4500 001 991002830969707536 005 20020509103635.0 008 980622s1979 it ||| | ita 035 $ab1106769x-39ule_inst 035 $aPARLA169939$9ExL 040 $aDip.to Scienze dell'Antichità$bita 041 0 $aitalat 100 1 $aCicero, Marcus Tullius$082411 245 10$aEpistole a Bruto; Epistole al fratello Quinto ; Frammenti delle epistole ; Epistola ad Ottaviano /$cMarco Tullio Cicerone 260 $aMilano :$bMondadori,$c1979 300 $a459 p. ;$c19 cm. 490 0 $aTutte le opere di Cicerone ;$v25 bis 500 $aEpistole a Bruto / a cura di Antonietta Bufano ; Epistole al fratello Quinto ; Frammenti delle epistole / a cura di Leopoldo Agnès ; Epistola ad Ottaviano / a cura di Rosa Lamacchia. 500 $aTit. in copertina: Lettere a Bruto ; Lettere al fratello Quinto ; Frammenti delle lettere ; lettera ad Ottaviano 500 $aTesto latino con trad. italiana a fronte. 600 14$aCicerone, Marco Tullio - Epistolario 700 1 $aBufano, Antonietta 700 1 $aAgnès, Leopoldo 700 1 $aLamacchia, Rosa 740 0 $aEpistula ad Octavianum 740 0 $aEpistulae. Ad Brutum 740 0 $aEpistulae. Ad Quintum fratrem 740 0 $aLettere a Bruto ; Lettere al fratello Quinto ; Frammenti delle lettere ; Lettera ad Ottaviano 907 $a.b1106769x$b23-02-17$c28-06-02 912 $a991002830969707536 945 $aLE007 870.1 Cicero 1979-02$g1$i2015000018809$lle007$o-$pE0.00$q-$rl$s- $t0$u0$v0$w0$x0$y.i11195848$z28-06-02 996 $aEpistole a Bruto$9887941 997 $aUNISALENTO 998 $ale007$b01-01-98$cm$da $e-$fita$git $h0$i1